Loading...

Paramanu puranam/

Bibliographic Details
Main Author: Vasu, K. K.
Format: Printed Book
Language:Malayalam
Published: Kottayam: SPCS, 2014
Subjects:
LEADER 00626nam a2200205 4500
003 OSt
005 20200624134436.0
008 150427b xxu||||| |||| 00| 0 mal d
020 |a 9789384075712 
041 |a mal 
082 |a 808.068 VAS/P 
100 |a Vasu, K. K. 
245 |a Paramanu puranam/  |c K. K. Vasu 
260 |a Kottayam:  |b SPCS,  |c 2014 
300 |a 128p. 
546 |a In Malayalam 
650 |a Childrens Literature. 
942 |2 ddc  |c BK 
999 |c 319191  |d 319191 
952 |0 0  |1 0  |2 ddc  |4 0  |6 808_068000000000000_VAS_P  |7 0  |9 365513  |a CSC  |b CSC  |c ST1  |d 2015-04-27  |g 90.00  |i 14062  |l 0  |o 808.068 VAS/P  |p CSC14062  |r 2015-04-27  |w 2015-04-27  |y BK